Линейная алгебра и аналитическая геометрия: учебный комплекс

Bibliographic Details
Main Author: Зимина О. В. Ольга Всеволодовна
Summary:Учебный комплекс "Линейная алгебра и аналитическая геометрия" предназначен для студентов технических и экономических вузов. Он соответствует стандартной программе и содержит конспект 15 лекций, разработки 15 практических занятий с подробным решением типовых примеров и задачами и упражнениями для самостоятельного решения, контрольные вопросы по всем темам (с ответами), варианты контрольных работ, программы зачета и экзамена с образцами зачетного и экзаменационного билетов. В комплексе использован опыт кафедры высшей математики МЭИ (ТУ), накопленный при чтении лекций и проведении практических занятий, в том числе с применением ЭВМ. Комплекс отличается от существующих учебных пособий тем, что объединяет в себе функции учебника, сборника задач и репетитора-тренажера и может быть использован как при очной, так и при дистанционной форме обучения.
Language:Russian
Published: Ростов-на-Дону, Феникс, 2015
Series:Высшее образование
Subjects:
Format: Book
KOHA link:https://koha.lib.tpu.ru/cgi-bin/koha/opac-detail.pl?biblionumber=676674

MARC

LEADER 00000nam0a2200000 4500
001 676674
005 20241206131149.0
010 |a 978-5-222-22955-2 
090 |a 676674 
100 |a 20241116d2015 m||y0rusy50 ca 
101 0 |a rus 
102 |a RU 
105 |a a j 001yy 
181 0 |a i   |b  e  
182 0 |a n 
183 0 |a nc  |2 RDAcarrier 
200 1 |a Линейная алгебра и аналитическая геометрия  |e учебный комплекс  |f О. В. Зимина 
203 |a Текст  |b визуальный  |c непосредственный 
210 |a Ростов-на-Дону  |c Феникс  |d 2015 
215 |a 378 с.  |c ил. 
225 1 |a Высшее образование 
283 |a volume  |2 RDAcarrier 
320 |a Библиография: с. 378 
330 |a Учебный комплекс "Линейная алгебра и аналитическая геометрия" предназначен для студентов технических и экономических вузов. Он соответствует стандартной программе и содержит конспект 15 лекций, разработки 15 практических занятий с подробным решением типовых примеров и задачами и упражнениями для самостоятельного решения, контрольные вопросы по всем темам (с ответами), варианты контрольных работ, программы зачета и экзамена с образцами зачетного и экзаменационного билетов. В комплексе использован опыт кафедры высшей математики МЭИ (ТУ), накопленный при чтении лекций и проведении практических занятий, в том числе с применением ЭВМ. Комплекс отличается от существующих учебных пособий тем, что объединяет в себе функции учебника, сборника задач и репетитора-тренажера и может быть использован как при очной, так и при дистанционной форме обучения. 
606 1 |a Линейная алгебра  |9 60039 
606 1 |a Аналитическая геометрия  |9 52410 
610 1 |a математика 
610 1 |a история 
610 1 |a матрицы 
610 1 |a правило Крамера 
610 1 |a линейные пространства 
610 1 |a линейные операторы 
610 1 |a евклидово пространство 
610 1 |a квадратичные формы 
610 1 |a кривые 2-го порядка 
610 1 |a учебные пособия 
675 |a 512.64(075.8)  |v 3 
675 |a 514.12(075.8)  |v 3 
700 1 |a Зимина  |b О. В.  |g Ольга Всеволодовна 
801 0 |a RU  |b 63413507  |c 20241116  |g PSBO 
942 |c BK